003780000a22001090004500090001700000245010500017041001400122100004000136942001300176773006200189999001700251 aAsbSeriadas10aPlanteamiento de un modelo matricial para el análisis de la dinámica de poblaciones de árboles0 aEspañol1 aGonzález Pérez, Humberto999832 cARTICULO1 tCrónica Forestal y del Medio Ambienteh11q89-104d1996 c15578d15578